00642 2200217 4500001002100000005001700021008004100038020002200079035002400101082001000125090002000135100001800155245008900173250001100262260003200273300003400305500003100339650002200370990001600392990001600408YOGYA-0612000000085220120613004059.0 ind  a978-979-185-230-2 0010-061200000000850 a303.4 aYOG 303.4 Ahm P aAHMAD RAMDHON aPudarnya Kaumanbstudi perubahan sosial masyarakat Islam tradisionalcAhmad Ramdhon. aCet.1. aYogyakartabElmaterac2011. avii, 171 hlm.c21 cm (2 eks.) aBibliografi : hlm. 167-169 aSosial, perubahan a393-PD/B.12 a394-PD/B.12